00799cas a2200193 a 4500022001400000040000800014082002600022245003600048246000800084260008000092260009900172260008300271650003000354650003000384710004900414710004300463710004200506710005700548 a2005-0399 cNLM a387 KOR 2008 A017 Or.00aJournal of gynecologic oncology13aJGO aSeoul :bKorean Society of Gynecologic Oncology and Colposcopy,cJune 2008-2 aSeoul :bAsian Society of Gynecologic Oncology :bTaehan Puin Chongyang Kolpos¿Ưkopi Hakhoe3 aSeoul :bAsian Society of Gynecologic Oncology :bTaehan Puin Chongyang Hakhoe 0aGenerative organs, Female12aGenital Neoplasms, Female2 aTaehan Puin Chongyang Kolpos¿Ưkopi Hakhoe2 aKorean Society of Gynecologic Oncology2 aAsian Society of Gynecologic Oncology2 aNational Institutes of Health (U.S.). PubMed Central